000 00497nam a2200205Ia 4500
003 0100
008 130227s9999 xx 000 0 und d
040 _cARRUPELIB
050 _aHB144.G49
100 _aGibbons, Robert
245 _aGame theory for applied economists
260 _aPrinceton
260 _bPrinceton University Press
260 _C1992
300 _a267p.
300 _b 23 cm
650 _bPainting - History
650 _cArt, Modern - 20th century
942 _2lcc
_01
999 _c4612
_d4612